000 00918cam a2200229 4500
001 ABS62270
008 000000n2000 000 0 eng u
035 _a(Sirsi) u106053
100 _aBower, D.
245 2 _aA systematic approach to the evaluation of indirect costs of contract variations
260 _c2000
490 _aConstruction Management and Economics
_v18(3) April/May 2000, 263-268(6)
520 _aProposes a mechanism for the evaluation of compensation due in the event of a variation order under construction contracts, demonstrating how the indirect costs of a variation can be derived by the use of influence curves. References.
590 _aABS
650 _aVARIATIONS
650 _aINDIRECT COSTS
650 _aCOMPENSATION
650 _aBUILT ENVIRONMENT-BUILDING CONTRACT FORMS
650 0 _aINFLUENCE CURVES
690 _aBUILT ENVIRONMENT-BUILDING CONTRACT FORMS
942 _n0
999 _c63525
_d63525